15 principales países afectados por Covid19 - 30 de marzo de 2022 - Estadísticas

Estadísticas generales
  • Esta prueba ha sido intentada 8 veces
  • La puntuación promedio es 18 de 29
Estadísticas de respuestas
país % Correcto
Alemania
100%
España
100%
Estados Unidos
100%
India
100%
Reino Unido
100%
Rusia
100%
Suiza
100%
Brasil
86%
Francia
86%
Italia
86%
Portugal
86%
Argentina
71%
Bélgica
71%
Países Bajos
71%
Países Bajos
71%
Dinamarca
57%
Irán
57%
Austria
43%
Chequia
43%
Eslovenia
43%
Turquía
43%
Corea del Sur
29%
Estonia
29%
Israel
29%
Letonia
29%
Lituania
29%
Georgia
14%
Vietnam
14%
Chipre
0%
No se encontraron pruebas coincidentes
Distribución de puntuación
Porcentaje de gente con cada puntuación
Porcentaje por número respondido
Historial de tus puntuaciones
No has intentado esta prueba.